The lean product lifecycle : (Record no. 166179)

MARC details
000 -LEADER
fixed length control field 00786nam a22002177a 4500
005 - DATE AND TIME OF LATEST TRANSACTION
control field 20190716113440.0
010 ## - LCCN (DPL NO)
LC control number ENG-125939
020 ## - INTERNATIONAL STANDARD BOOK NUMBER
International Standard Book Number 9789353434878
Terms of availability 599.00
035 ## - SYSTEM CONTROL NUMBER
System control number EN-109471
037 ## - SOURCE OF ACQUISITION
Source of stock number/acquisition DBAD/PUB
082 ## - DEWEY DECIMAL CLASSIFICATION NUMBER
Classification number 658.83
100 ## - MAIN ENTRY--PERSONAL NAME
Personal name Viki, Tendayi
245 ## - TITLE STATEMENT
Title The lean product lifecycle :
Statement of responsibility, etc by Tendayi Viki, Craig Strong [and] Sonja Kresojevic
Remainder of title how to make products people want /
260 ## - PUBLICATION, DISTRIBUTION, ETC. (IMPRINT)
Place of publication, distribution, etc Noida
Name of publisher, distributor, etc Pearson India Education
Date of publication, distribution, etc 2019
270 ## - ADDRESS
Address 15th Floor, Tower-B, World Trade Tower, Plot No.I, Block-C, Sector 16
City Noida, Uttar Pradesh
Postal code 201301
Electronic mail address companysecretary.india@pearson.com
300 ## - PHYSICAL DESCRIPTION
Extent xiv,243.
Dimensions 23cm(pbk)
500 ## - GENERAL NOTE
General note Includes index
700 ## - ADDED ENTRY--PERSONAL NAME
Personal name Strong, Craig
700 ## - ADDED ENTRY--PERSONAL NAME
Personal name Kresojevic, Sonja
942 ## - ADDED ENTRY ELEMENTS (KOHA)
Source of classification or shelving scheme Dewey Decimal Classification
Item type English Books
Classification part 658.83
Call number suffix VIK
Holdings
Withdrawn status Lost status Not for loan Collection code Home library Current library Date acquired Source of acquisition Cost, normal purchase price Full call number Barcode Copy number Cost, replacement price Koha item type
      Non-fiction Ashok Vihar Ashok Vihar 16/07/2019 DBAD/PUB 599.00 658.83 VIK EN-109471 1 599.00 English Books

© Delhi Public Library
Hit Counter
free hit counter